000 01158cam a2200337 i 4500
999 _c2092
_d2092
001 .b30705897
003 OSt
005 20230306135705.0
008 230113r20072001enka j 000 0 eng d
020 _a9781407104300
_q(pbk.)
035 _a(IeDuTC)b14820775
035 _a(UkLCURL)08b14820775
038 _aUk
040 _aStDuBDS
_beng
_cStDuBDS
_dKH8
042 _anbic
082 0 4 _a942.02 DEA
_222
100 1 _aDeary, Terry,
_eauthor.
_0http://id.loc.gov/authorities/names/n77005348.
245 1 4 _aStormin' Normans /
_cTerry Deary ; illustrated by Martin Brown.
264 1 _aLondon :
_bScholastic,
_c2007.
300 _a139 pages :
_billustrations ;
_c20 cm.
336 _atext
_btxt
_2rdacontent.
337 _aunmediated
_bn
_2rdamedia.
338 _avolume
_bnc
_2rdacarrier.
490 1 _aHorrible histories.
500 _aIncludes index.
500 _aOriginally published: London: Hippo, 2001.
651 0 _aGreat Britain
_xHistory
_yNorman period, 1066-1154
_vJuvenile literature.
700 1 _aBrown, Martin,
_d1959-
_eillustrator.
_0http://id.loc.gov/authorities/names/no97034636.
830 0 _aHorrible histories.
942 _2ddc
_cNFIC